[Event "España tch - Primera División Grupo 1"]
[Site "Burguillos ESP"]
[Date "2008.08.15"]
[Round "4.114"]
[White "Rubio Nevado, Pedro"]
[Black "Hernandez Leon, Sergio"]
[Result "0-1"]
[PlyCount "84"]
[EventDate "2008.08.13"]
[EventType "team"]
[EventCountry "ESP"]
[Source "lmi"]
[SourceDate "2008.08.13"]
[WhiteElo "2100"]
[BlackElo "2042"]

1. d4 c5 2. d5 g6 3. e4 Bg7 4. Nf3 d6 5. h3 Nf6 6. Nc3 O-O 7. Bg5 h6 8. Bf4
Nbd7 9. Be2 b5 10. Bxb5 Nxe4 11. Bxd7 Nxc3 12. bxc3 Bxc3+ 13. Bd2 Bxd2+ 14.
Qxd2 Bxd7 15. Qxh6 Qa5+ 16. Qd2 Qa6 17. Qh6 Qc4 18. Rd1 Bb5 19. Rd3 Qe4+ 20.
Kd2 Bxd3 21. Re1 Qf5 22. Ng5 Qxf2+ 23. Kxd3 Qd4+ 24. Ke2 Qg7 25. Qh4 Rab8 26.
Kf1 Rb4 27. c4 Re8 28. Ne4 Rbb8 29. Ng5 Qf6+ 30. Kg1 Qd4+ 31. Qxd4 cxd4 32. Re4
d3 33. Rd4 Rec8 34. Rxd3 Rxc4 35. Re3 Rb7 36. Rf3 f6 37. Ne6 Rb5 38. Rd3 a5 39.
Kh2 a4 40. Kg3 Rb2 41. Ra3 g5 42. Kf3 Rd2 0-1

[Event "España tch - Primera División Grupo 1"]
[Site "Burguillos ESP"]
[Date "2008.08.15"]
[Round "4.121"]
[White "Galindo Rodriguez, Francisco"]
[Black "Diaz Sanchez, Jose Francisco"]
[Result "1-0"]
[PlyCount "71"]
[EventDate "2008.08.13"]
[EventType "team"]
[EventCountry "ESP"]
[Source "lmi"]
[SourceDate "2008.08.13"]
[WhiteElo "2212"]
[BlackElo "1947"]

1. e4 c5 2. Nf3 e6 3. c4 Nc6 4. Nc3 g6 5. d4 cxd4 6. Nxd4 Bg7 7. Ndb5 Nge7 8.
Nd6+ Kf8 9. Be3 h6 10. Qd2 b6 11. Be2 Ba6 12. O-O Nc8 13. Ndb5 Bxb5 14. cxb5
N6e7 15. Rfd1 d6 16. Rac1 Kg8 17. Bf4 e5 18. Be3 Kh7 19. a4 f5 20. f3 f4 21.
Bf2 Rf8 22. Bc4 Rf6 23. Na2 g5 24. Nb4 h5 25. Nc6 Nxc6 26. bxc6 Qc7 27. b4 Ne7
28. b5 Rd8 29. Rc3 Bf8 30. Rd3 Ng8 31. Ra1 Ne7 32. a5 Nc8 33. Qa2 Be7 34. axb6
axb6 35. Qa6 Rff8 36. Qb7 1-0

[Event "España tch - Primera División Grupo 1"]
[Site "Burguillos ESP"]
[Date "2008.08.15"]
[Round "4.122"]
[White "Fernandez Molina, Victor M."]
[Black "Lazaro Garcia, Roberto"]
[Result "1/2-1/2"]
[PlyCount "99"]
[EventDate "2008.08.13"]
[EventType "team"]
[EventCountry "ESP"]
[Source "lmi"]
[SourceDate "2008.08.13"]
[WhiteElo "1880"]
[BlackElo "2058"]

1. d4 Nf6 2. Nf3 g6 3. c4 Bg7 4. g3 O-O 5. Bg2 d6 6. O-O Nbd7 7. Nc3 c6 8. e4
e5 9. Qc2 Qe7 10. Rd1 Ne8 11. b3 f5 12. Ba3 fxe4 13. Nxe4 exd4 14. Rac1 c5 15.
Re1 Ndf6 16. Nxc5 Qc7 17. Ne6 Bxe6 18. Rxe6 Nd7 19. Rce1 Ne5 20. Nxe5 Bxe5 21.
R6xe5 dxe5 22. Bxf8 Kxf8 23. Qe4 Rd8 24. Qxb7 Qxb7 25. Bxb7 Rd7 26. Bc6 Re7 27.
a4 Nd6 28. Bd5 a5 29. c5 Nb7 30. c6 Nc5 31. Rc1 Na6 32. Kf1 Rc7 33. f4 exf4 34.
gxf4 Ke7 35. Rd1 d3 36. Rxd3 Nb4 37. Re3+ Kd6 38. Bg2 Rf7 39. Re4 g5 40. Ke2
Rxf4 41. Rxf4 gxf4 42. Kf3 Nxc6 43. Kxf4 Nd4 44. Be4 h6 45. Kg4 Kc5 46. Kh5 Kb4
47. Kxh6 Kxb3 48. h4 Kxa4 49. h5 Ne6 50. Bd5 1/2-1/2

[Event "España tch - Primera División Grupo 1"]
[Site "Burguillos ESP"]
[Date "2008.08.16"]
[Round "5.11"]
[White "Borisek, Jure"]
[Black "Macieja, Bartlomiej"]
[Result "1/2-1/2"]
[PlyCount "125"]
[EventDate "2008.08.13"]
[EventType "team"]
[EventCountry "ESP"]
[Source "lmi"]
[SourceDate "2008.08.13"]
[WhiteElo "2537"]
[BlackElo "2606"]

1. e4 c5 2. Nf3 Nc6 3. d4 cxd4 4. Nxd4 Qc7 5. Nc3 e6 6. Be3 a6 7. Qd2 Nf6 8.
O-O-O Be7 9. f3 h5 10. h3 b5 11. Nxc6 dxc6 12. Qf2 c5 13. g3 Bb7 14. Kb1 Rc8
15. Bg2 b4 16. Ne2 c4 17. g4 Nd7 18. g5 O-O 19. Qg3 g6 20. Qxc7 Rxc7 21. h4
Rfc8 22. Bf4 e5 23. Bh3 Rd8 24. Bxd7 Rcxd7 25. Rxd7 Rxd7 26. Bxe5 Bc5 27. Bf4
Bc6 28. Kc1 c3 29. b3 Bb5 30. Rd1 Rxd1+ 31. Kxd1 Bf2 32. Bd6 Bxh4 33. Bxb4 Bxg5
34. Nxc3 Bc6 35. Ke2 f5 36. exf5 gxf5 37. Kf2 Bd2 38. Nd5 Bxd5 39. Bxd2 h4 40.
c4 Bc6 41. Bf4 Kf7 42. Ke3 h3 43. Bh2 Ke6 44. Bf4 Kd7 45. Bh2 Kc8 46. Bf4 Kb7
47. Bh2 Kb6 48. Bd6 Kb7 49. Kf2 Kb6 50. Kg3 Kb7 51. f4 Bg2 52. Bc5 Be4 53. Kxh3
Bb1 54. a3 Ba2 55. Bf2 Bxb3 56. c5 Kc6 57. Kh4 Bc2 58. Kg5 Bb1 59. Kf6 Bc2 60.
Ke5 Bb1 61. Kf6 Bc2 62. Ke5 Bb1 63. Kf6 1/2-1/2

[Event "España tch - Primera División Grupo 1"]
[Site "Burguillos ESP"]
[Date "2008.08.16"]
[Round "5.12"]
[White "Wojtaszek, Radoslaw"]
[Black "Perez Garcia, Rodney"]
[Result "1/2-1/2"]
[PlyCount "106"]
[EventDate "2008.08.13"]
[EventType "team"]
[EventCountry "ESP"]
[Source "lmi"]
[SourceDate "2008.08.13"]
[WhiteElo "2593"]
[BlackElo "2432"]

1. Nf3 d5 2. c4 c6 3. e3 Nf6 4. Nc3 a6 5. d4 e6 6. b3 Bb4 7. Bd2 Nbd7 8. Bd3
O-O 9. O-O Bd6 10. Rc1 e5 11. cxd5 cxd5 12. dxe5 Nxe5 13. Nxe5 Bxe5 14. Ne2 Bg4
15. f3 Bh5 16. Bc3 Qd6 17. h3 Bg6 18. Bxg6 hxg6 19. Qd2 Rfe8 20. Bxe5 Qxe5 21.
Rc3 Rac8 22. Rxc8 Rxc8 23. Rc1 Rc7 24. Kf2 g5 25. Nd4 g6 26. a4 Ne8 27. Rxc7
Qxc7 28. Ne2 Qc5 29. Qb2 Qd6 30. Qd4 Nc7 31. Qa7 b6 32. Qb8+ Kg7 33. b4 a5 34.
bxa5 bxa5 35. Qa7 Na6 36. Qd4+ Kg8 37. Nc3 Nb4 38. Ne4 Qc6 39. Nf6+ Kf8 40. Ng4
Qxa4 41. Qh8+ Ke7 42. Qf6+ Kf8 43. Qxg5 Qc2+ 44. Kg3 Qc7+ 45. f4 Qd6 46. Qh4
Nc6 47. Qh8+ Ke7 48. Nh6 Qe6 49. Kf2 d4 50. exd4 Qd6 51. Ng8+ Kd7 52. Nf6+ Ke7
53. Ng8+ Kd7 1/2-1/2

[Event "España tch - Primera División Grupo 1"]
[Site "Burguillos ESP"]
[Date "2008.08.16"]
[Round "5.13"]
[White "Gonzalez Menendez, Ivan"]
[Black "Arizmendi Martinez, Julen Luis"]
[Result "1/2-1/2"]
[PlyCount "44"]
[EventDate "2008.08.13"]
[EventType "team"]
[EventCountry "ESP"]
[Source "lmi"]
[SourceDate "2008.08.13"]
[WhiteElo "2406"]
[BlackElo "2524"]

1. e4 e6 2. d4 d5 3. Nd2 Be7 4. Ngf3 Nf6 5. e5 Nfd7 6. Bd3 c5 7. c3 Nc6 8. O-O
a5 9. Re1 a4 10. Nf1 cxd4 11. cxd4 Nb6 12. Bd2 Nc4 13. Bc3 a3 14. Bxc4 dxc4 15.
b3 b5 16. bxc4 b4 17. Bd2 Nxd4 18. Nxd4 Qxd4 19. Qb3 O-O 20. Bxb4 Rb8 21. Bc3
Rxb3 22. Bxd4 Rb4 1/2-1/2

[Event "España tch - Primera División Grupo 1"]
[Site "Burguillos ESP"]
[Date "2008.08.16"]
[Round "5.14"]
[White "Sanchez Guirado, Francisco"]
[Black "Suarez Real, Alberto"]
[Result "1-0"]
[PlyCount "87"]
[EventDate "2008.08.13"]
[EventType "team"]
[EventCountry "ESP"]
[Source "lmi"]
[SourceDate "2008.08.13"]
[WhiteElo "2415"]
[BlackElo "2401"]

1. d4 Nf6 2. g3 g6 3. Bg2 c5 4. Nf3 Bg7 5. O-O cxd4 6. Nxd4 d5 7. Nc3 Nc6 8.
Nb3 e6 9. e4 d4 10. Ne2 e5 11. Bg5 h6 12. Bxf6 Qxf6 13. c3 dxc3 14. Nxc3 O-O
15. Nd5 Qd8 16. Rc1 Rb8 17. Qd3 Be6 18. Rfd1 Nd4 19. Nxd4 Bxd5 20. Nf5 Be6 21.
Qa3 Qf6 22. Ne7+ Kh7 23. Nd5 Bxd5 24. exd5 Rfd8 25. Rc7 Bf8 26. Qxa7 Bd6 27.
Rxb7 Rxb7 28. Qxb7 Rb8 29. Qa7 Rxb2 30. Be4 Rb4 31. Qe3 Ra4 32. Rd2 Ra3 33. Qb6
Ra4 34. Bc2 Rb4 35. Qc6 h5 36. h4 Kg7 37. Bb3 e4 38. Re2 Qa1+ 39. Kg2 Qf6 40.
Re3 Rd4 41. Bc4 Rd2 42. Be2 Qe5 43. a4 Kh6 44. Qc1 1-0

[Event "España tch - Primera División Grupo 1"]
[Site "Burguillos ESP"]
[Date "2008.08.16"]
[Round "5.21"]
[White "Baklan, Vladimir"]
[Black "Cabrera, Alexis"]
[Result "1/2-1/2"]
[PlyCount "47"]
[EventDate "2008.08.13"]
[EventType "team"]
[EventCountry "ESP"]
[Source "lmi"]
[SourceDate "2008.08.13"]
[WhiteElo "2630"]
[BlackElo "2513"]

1. e4 e5 2. Nf3 Nf6 3. Nxe5 d6 4. Nf3 Nxe4 5. d4 d5 6. Bd3 Bd6 7. O-O O-O 8.
Nc3 Nxc3 9. bxc3 c5 10. dxc5 Bxc5 11. Ng5 g6 12. c4 dxc4 13. Bxc4 Qxd1 14. Rxd1
Nc6 15. Bb2 Bf5 16. Bd3 Bxd3 17. Rxd3 Rfd8 18. Nxh7 Rxd3 19. Nf6+ Kf8 20. cxd3
Rd8 21. Rd1 Bd4 22. Ba3+ Kg7 23. Ne4 Rd5 24. Rb1 1/2-1/2

[Event "España tch - Primera División Grupo 1"]
[Site "Burguillos ESP"]
[Date "2008.08.16"]
[Round "5.22"]
[White "Garcia Roman, Daniel"]
[Black "Babula, Vlastimil"]
[Result "0-1"]
[PlyCount "74"]
[EventDate "2008.08.13"]
[EventType "team"]
[EventCountry "ESP"]
[Source "lmi"]
[SourceDate "2008.08.13"]
[WhiteElo "2428"]
[BlackElo "2597"]

1. d4 Nf6 2. c4 e6 3. Nc3 Bb4 4. g3 c5 5. Nf3 Nc6 6. Bg2 Ne4 7. Bd2 Bxc3 8.
bxc3 Na5 9. dxc5 Nxc5 10. Bf4 b6 11. Bd6 Ba6 12. Qd4 f6 13. Qg4 Kf7 14. Bxc5
bxc5 15. Qh5+ g6 16. Qxc5 Qb6 17. Qd4 Qxd4 18. cxd4 Nxc4 19. O-O Na3 20. Rfc1
Bxe2 21. Rc7 Ke7 22. d5 e5 23. Nd2 Nb5 24. Rb7 Rab8 25. Rxb8 Rxb8 26. f4 Nd4
27. fxe5 fxe5 28. Nb3 Kd6 29. Nd2 Rb2 30. Ne4+ Kxd5 31. Nf6+ Kd6 32. Nxh7 Nf3+
33. Kh1 Ke7 34. h4 d5 35. a4 d4 36. Ng5 Nxg5 37. hxg5 d3 0-1

[Event "España tch - Primera División Grupo 1"]
[Site "Burguillos ESP"]
[Date "2008.08.16"]
[Round "5.23"]
[White "Martinez Martin, David"]
[Black "Pena Riasco, Alexander"]
[Result "1-0"]
[PlyCount "113"]
[EventDate "2008.08.13"]
[EventType "team"]
[EventCountry "ESP"]
[Source "lmi"]
[SourceDate "2008.08.13"]
[WhiteElo "2415"]
[BlackElo "2256"]

1. e4 c5 2. Nc3 d6 3. Nge2 Nc6 4. d4 cxd4 5. Nxd4 Nf6 6. Bg5 a6 7. Bxf6 gxf6 8.
Bc4 e6 9. Nxc6 bxc6 10. Qh5 Qb6 11. Bb3 Qd4 12. O-O Qe5 13. Qh3 Qg5 14. f4 Qh6
15. Qe3 Rg8 16. Qb6 Bd7 17. Qb7 Rd8 18. Qxa6 Qh3 19. Qe2 Bh6 20. Rad1 Ke7 21.
Rd3 Qh4 22. Qf2 Rg4 23. Ne2 Rdg8 24. Qxh4 Rxh4 25. Rg3 Ra8 26. Rd3 Bf8 27. g3
Rh5 28. Kg2 Rha5 29. Nc3 c5 30. Bc4 Bc6 31. g4 Bg7 32. Kg3 Rb8 33. Bb3 Rb6 34.
Re1 Bb7 35. Nd1 Rb4 36. c4 Ra8 37. a3 Rb6 38. Bc2 f5 39. exf5 Bxb2 40. fxe6
Bxa3 41. exf7+ Kxf7 42. Rde3 d5 43. Re7+ Kf8 44. cxd5 Bxd5 45. Rxh7 c4 46. Re5
Bg8 47. Rf5+ Ke8 48. Rg7 Be6 49. Rh5 Bf8 50. Bg6+ Kd8 51. Rh8 Ra3+ 52. Kh4 Bg8
53. Rhxg8 Rf6 54. Rf7 Rxf7 55. Bxf7 Ke7 56. Bxc4 Ra4 57. Ne3 1-0

[Event "España tch - Primera División Grupo 1"]
[Site "Burguillos ESP"]
[Date "2008.08.16"]
[Round "5.24"]
[White "Sanchez Romero, Miguel Angel"]
[Black "Antoli Royo, Joaquin Miguel"]
[Result "0-1"]
[PlyCount "50"]
[EventDate "2008.08.13"]
[EventType "team"]
[EventCountry "ESP"]
[Source "lmi"]
[SourceDate "2008.08.13"]
[WhiteElo "2259"]
[BlackElo "2441"]

1. e4 c5 2. Nf3 Nc6 3. Bb5 e6 4. Bxc6 bxc6 5. d3 Ne7 6. Qe2 Qc7 7. e5 f6 8. O-O
fxe5 9. Nxe5 d6 10. Nc4 Nf5 11. Bf4 Be7 12. Nc3 O-O 13. Rae1 Rb8 14. h3 Nd4 15.
Qd2 e5 16. Bh2 Bxh3 17. f4 Be6 18. fxe5 Rxf1+ 19. Rxf1 d5 20. Nd6 Rxb2 21. Qd1
Rxc2 22. Qh5 g6 23. Qh6 Qd8 24. Rf6 Bxf6 25. exf6 Qxf6 0-1

[Event "España tch - Primera División Grupo 1"]
[Site "Burguillos ESP"]
[Date "2008.08.16"]
[Round "5.32"]
[White "Fernandez Barrera, Victor"]
[Black "Razmyslov, Alexander"]
[Result "0-1"]
[PlyCount "58"]
[EventDate "2008.08.13"]
[EventType "team"]
[EventCountry "ESP"]
[Source "lmi"]
[SourceDate "2008.08.13"]
[WhiteElo "2319"]
[BlackElo "2387"]

1. e4 c5 2. Nf3 a6 3. c3 e6 4. d4 d5 5. exd5 exd5 6. Be2 c4 7. Bf4 Bd6 8. Bxd6
Qxd6 9. O-O Ne7 10. Na3 O-O 11. Nc2 Nbc6 12. Re1 Ng6 13. g3 f5 14. Ne5 f4 15.
Bf3 Bf5 16. Nxg6 Bxg6 17. Bg2 Bd3 18. Rc1 Rf5 19. Bh3 Rf6 20. Qh5 Bg6 21. Qh4
Raf8 22. Bg2 h6 23. f3 h5 24. Re2 Bd3 25. Rf2 Ne7 26. Qxh5 Rf5 27. Qh3 R8f6 28.
Re1 Rg5 29. Bf1 fxg3 0-1

[Event "España tch - Primera División Grupo 1"]
[Site "Burguillos ESP"]
[Date "2008.08.16"]
[Round "5.33"]
[White "Barrero Garcia, Carlos"]
[Black "Espinosa Aranda, Angel"]
[Result "1/2-1/2"]
[PlyCount "125"]
[EventDate "2008.08.13"]
[EventType "team"]
[EventCountry "ESP"]
[Source "lmi"]
[SourceDate "2008.08.13"]
[WhiteElo "2339"]
[BlackElo "2313"]

1. d4 d5 2. c4 c6 3. Nc3 Nf6 4. Nf3 e6 5. e3 a6 6. c5 Nbd7 7. b4 g6 8. Ne5 Nxe5
9. dxe5 Nd7 10. Bb2 Bg7 11. f4 f6 12. exf6 Qxf6 13. Na4 Qf7 14. Bxg7 Qxg7 15.
Qd4 e5 16. fxe5 O-O 17. e6 Ne5 18. Nb6 Rb8 19. Nxc8 Rbxc8 20. Be2 Rce8 21. Rf1
Rxf1+ 22. Kxf1 Rxe6 23. Kg1 Nf7 24. Qxg7+ Kxg7 25. Kf2 Ng5 26. Bf3 Kf6 27. Rd1
Ne4+ 28. Ke1 Ng5 29. Ke2 Re5 30. Rd4 Ne6 31. Rd2 Ng5 32. Kd3 Nxf3 33. gxf3 Rg5
34. e4 dxe4+ 35. fxe4 Rg4 36. Kd4 Ke7 37. a4 Rg1 38. b5 axb5 39. axb5 cxb5 40.
Rb2 Ke6 41. Rxb5 Rd1+ 42. Ke3 Re1+ 43. Kf4 Rf1+ 44. Ke3 Re1+ 45. Kd4 Rd1+ 46.
Kc4 Rd7 47. h4 Rc7 48. Kb4 Rg7 49. Ka5 h6 50. Kb6 g5 51. hxg5 hxg5 52. Ka7 g4
53. Rxb7 Rxb7+ 54. Kxb7 g3 55. c6 g2 56. c7 g1=Q 57. c8=Q+ Ke7 58. Qc4 Qg3 59.
Qc5+ Qd6 60. Qg5+ Qf6 61. Qh5 Qb2+ 62. Kc6 Qc2+ 63. Qc5+ 1/2-1/2

[Event "España tch - Primera División Grupo 1"]
[Site "Burguillos ESP"]
[Date "2008.08.16"]
[Round "5.34"]
[White "Garcia Moral Garcia, Jose Daniel"]
[Black "Reales Murto, Manuel Jose"]
[Result "1/2-1/2"]
[PlyCount "106"]
[EventDate "2008.08.13"]
[EventType "team"]
[EventCountry "ESP"]
[Source "lmi"]
[SourceDate "2008.08.13"]
[WhiteElo "2298"]
[BlackElo "2281"]

1. e4 e6 2. d4 d5 3. Nc3 Bb4 4. e5 Qd7 5. a3 Bxc3+ 6. bxc3 b6 7. Nh3 Ba6 8.
Bxa6 Nxa6 9. Nf4 g6 10. a4 Nb8 11. h4 Nc6 12. Ba3 Nge7 13. Bb4 Rf8 14. O-O Nxb4
15. cxb4 Nc6 16. c3 Ne7 17. Nd3 Nf5 18. g3 h5 19. Qd2 Rg8 20. Kg2 Qe7 21. Qg5
Qxg5 22. hxg5 Kd7 23. a5 Kc6 24. Rfb1 Kb5 25. Nb2 Rgc8 26. Na4 Rab8 27. Kf3 Kc6
28. b5+ Kd7 29. Kf4 Rh8 30. Rb3 Rbc8 31. axb6 axb6 32. Nb2 Ra8 33. Rba3 Rxa3
34. Rxa3 Ne7 35. Nd3 Rc8 36. Ra7 Rb8 37. Nb4 Nc8 38. Ra1 Ne7 39. Ke3 Rh8 40.
Kf3 Rg8 41. Nc2 Kc8 42. Ra8+ Kb7 43. Rxg8 Nxg8 44. Ke3 Ne7 45. Kd3 c6 46. bxc6+
Kxc6 47. Na3 Nc8 48. Kc2 Ne7 49. Kd3 Nf5 50. Ke2 Ng7 51. Kd3 Ne8 52. Kc2 Nc7
53. Kb3 Na6 1/2-1/2

[Event "España tch - Primera División Grupo 1"]
[Site "Burguillos ESP"]
[Date "2008.08.16"]
[Round "5.51"]
[White "Almagro Llamas, Pablo"]
[Black "Rubio Mejia, Luis Ignacio"]
[Result "1/2-1/2"]
[PlyCount "24"]
[EventDate "2008.08.13"]
[EventType "team"]
[EventCountry "ESP"]
[Source "lmi"]
[SourceDate "2008.08.13"]
[WhiteElo "2492"]
[BlackElo "2386"]

1. e4 c5 2. Nf3 d6 3. d4 cxd4 4. Nxd4 Nf6 5. Nc3 a6 6. Bc4 e6 7. O-O Be7 8. Re1
O-O 9. f4 Nc6 10. Be3 Bd7 11. Qe2 Rc8 12. Bd3 Na5 1/2-1/2

[Event "España tch - Primera División Grupo 1"]
[Site "Burguillos ESP"]
[Date "2008.08.16"]
[Round "5.52"]
[White "Baigorri Navarro, Francisco Javier"]
[Black "Gonzalez Somoza, Oliver"]
[Result "1/2-1/2"]
[PlyCount "61"]
[EventDate "2008.08.13"]
[EventType "team"]
[EventCountry "ESP"]
[Source "lmi"]
[SourceDate "2008.08.13"]
[WhiteElo "2178"]
[BlackElo "2357"]

1. Nf3 d5 2. c4 Nf6 3. g3 g6 4. Bg2 Bg7 5. O-O O-O 6. cxd5 Nxd5 7. Nc3 c6 8. d4
Nd7 9. e4 Nxc3 10. bxc3 Nb6 11. h3 c5 12. Rb1 Bd7 13. Qd3 Rc8 14. d5 c4 15. Qe3
f5 16. Ng5 h6 17. Ne6 Bxe6 18. dxe6 Qd3 19. Bd2 Rfd8 20. Rbd1 Na4 21. Bc1 Qxd1
22. Rxd1 Rxd1+ 23. Kh2 Nxc3 24. exf5 gxf5 25. Ba3 Na4 26. Bxe7 c3 27. Qf3 c2
28. Qxf5 c1=Q 29. Qf7+ Kh8 30. Bf6 Rg8 31. Bxg7+ 1/2-1/2

[Event "España tch - Primera División Grupo 1"]
[Site "Burguillos ESP"]
[Date "2008.08.16"]
[Round "5.53"]
[White "Perez De Aranda, Leonardo Ivan"]
[Black "Alvarez Abejon, Amilcar"]
[Result "1-0"]
[PlyCount "99"]
[EventDate "2008.08.13"]
[EventType "team"]
[EventCountry "ESP"]
[Source "lmi"]
[SourceDate "2008.08.13"]
[WhiteElo "2233"]
[BlackElo "2114"]

1. e4 d5 2. exd5 Qxd5 3. d4 Nf6 4. Nf3 Bf5 5. Be2 e6 6. Bf4 c6 7. Nbd2 Be7 8.
O-O O-O 9. c3 Qd8 10. Qb3 Nd5 11. Bg3 Nb6 12. a4 Qd5 13. c4 Qd7 14. a5 Nc8 15.
Ne5 Qc7 16. Ng6 Bd6 17. Nxf8 Kxf8 18. Bf3 Bxg3 19. hxg3 Nd6 20. Rfe1 Nd7 21. a6
b6 22. Ne4 Bxe4 23. Bxe4 Nf6 24. Bf3 Rd8 25. Rad1 Nf5 26. d5 exd5 27. cxd5 c5
28. Qc2 Qc8 29. Qe2 Re8 30. Qb5 Rxe1+ 31. Rxe1 Nd4 32. Qd3 Qd7 33. b4 Nxf3+ 34.
gxf3 Qxd5 35. Qxd5 Nxd5 36. bxc5 bxc5 37. Re5 Nc7 38. Rxc5 Nxa6 39. Ra5 Nc7 40.
Rxa7 Ne8 41. f4 Nf6 42. Kg2 h6 43. Kf3 Ke8 44. f5 Nd7 45. Ke4 Nf6+ 46. Ke5 Kf8
47. f3 Nh7 48. Kd6 f6 49. f4 Kg8 50. Ke7 1-0

[Event "España tch - Primera División Grupo 1"]
[Site "Burguillos ESP"]
[Date "2008.08.16"]
[Round "5.54"]
[White "Prieto Honorato, Jose Carlos"]
[Black "Tamayo Romay, Javier"]
[Result "0-1"]
[PlyCount "76"]
[EventDate "2008.08.13"]
[EventType "team"]
[EventCountry "ESP"]
[Source "lmi"]
[SourceDate "2008.08.13"]
[WhiteElo "2080"]
[BlackElo "2217"]

1. e4 c5 2. Nf3 Nc6 3. c3 Nf6 4. Bd3 d6 5. h3 e6 6. Bc2 Be7 7. d3 O-O 8. O-O
Qc7 9. Bf4 Qb6 10. b3 e5 11. Bh2 Re8 12. Nfd2 Qd8 13. Nc4 b5 14. Ne3 b4 15. Nd5
Be6 16. c4 Nd4 17. Nd2 Nxd5 18. cxd5 Bd7 19. f4 exf4 20. Bxf4 Bg5 21. Bxg5 Qxg5
22. Nf3 Qe3+ 23. Rf2 f5 24. Nxd4 Qxd4 25. Rb1 Re7 26. Qf3 Rf8 27. Re1 Qc3 28.
Ref1 Rf6 29. Qd1 Qe5 30. Qd2 Qd4 31. Kh1 fxe4 32. Rxf6 gxf6 33. Qf4 e3 34. Qg3+
Rg7 35. Qf3 f5 36. Bb1 Qe5 37. Kg1 Rg3 38. Qf4 e2 0-1

[Event "España tch - Primera División Grupo 1"]
[Site "Burguillos ESP"]
[Date "2008.08.16"]
[Round "5.72"]
[White "Camacho Collados, Jose"]
[Black "Urbina Perez, Juan Antonio"]
[Result "1-0"]
[PlyCount "95"]
[EventDate "2008.08.13"]
[EventType "team"]
[EventCountry "ESP"]
[Source "lmi"]
[SourceDate "2008.08.13"]
[WhiteElo "2276"]
[BlackElo "2223"]

1. Nf3 d5 2. g3 Nf6 3. Bg2 c6 4. c4 e6 5. b3 Nbd7 6. O-O Bd6 7. Nc3 O-O 8. Bb2
b6 9. Qc2 Bb7 10. d4 Rc8 11. Rad1 a6 12. e4 dxe4 13. Nxe4 Nxe4 14. Qxe4 Nf6 15.
Qe2 Qe7 16. Ne5 c5 17. dxc5 Bxc5 18. Nd7 Bxg2 19. Nxf6+ gxf6 20. Kxg2 Rfd8 21.
f4 Rxd1 22. Rxd1 Rd8 23. Kh3 Rxd1 24. Qxd1 e5 25. Qg4+ Kh8 26. Qc8+ Kg7 27.
Qg4+ Kh8 28. Bc1 e4 29. Bb2 e3 30. Qf5 Kg7 31. Qg5+ Kf8 32. Bxf6 Qd7+ 33. g4 e2
34. Qe5 Qe6 35. Qb8+ Qe8 36. Bg7+ Ke7 37. Bf6+ Kf8 38. Bg7+ Ke7 39. Qe5+ Kd7
40. Qd5+ Kc8 41. Qa8+ Kd7 42. Qb7+ Ke6 43. f5+ Kd6 44. Qd5+ Kc7 45. Be5+ Kc8
46. Qa8+ Kd7 47. Qb7+ Kd8 48. Qc7# 1-0

[Event "España tch - Primera División Grupo 1"]
[Site "Burguillos ESP"]
[Date "2008.08.16"]
[Round "5.73"]
[White "Oñate Mendez, Elias"]
[Black "Camacho Collados, Marcos"]
[Result "0-1"]
[PlyCount "40"]
[EventDate "2008.08.13"]
[EventType "team"]
[EventCountry "ESP"]
[Source "lmi"]
[SourceDate "2008.08.13"]
[WhiteElo "2223"]
[BlackElo "2230"]

1. d4 d6 2. e4 Nf6 3. Nc3 e5 4. Nf3 Nbd7 5. Bc4 Be7 6. Qe2 c6 7. a4 O-O 8. O-O
b6 9. Rd1 Qc7 10. Nh4 exd4 11. Nf5 dxc3 12. Nxe7+ Kh8 13. Nf5 d5 14. exd5 cxd5
15. Bxd5 Nxd5 16. Qg4 Qe5 17. Bh6 gxh6 18. Rxd5 Rg8 19. Qc4 Rxg2+ 20. Kf1 Ba6
0-1

[Event "España tch - Primera División Grupo 1"]
[Site "Burguillos ESP"]
[Date "2008.08.16"]
[Round "5.74"]
[White "Cuesta Bustos, Sergio"]
[Black "Fernandez Garcia, Jose Miguel"]
[Result "0-1"]
[PlyCount "86"]
[EventDate "2008.08.13"]
[EventType "team"]
[EventCountry "ESP"]
[Source "lmi"]
[SourceDate "2008.08.13"]
[WhiteElo "2130"]
[BlackElo "2135"]

1. d4 Nf6 2. Nf3 b6 3. e3 Bb7 4. Bd3 e6 5. Nbd2 Be7 6. O-O O-O 7. b3 d6 8. Bb2
Nbd7 9. c4 c5 10. Rc1 Rc8 11. Qe2 Re8 12. e4 cxd4 13. Nxd4 Bf8 14. Bb1 a6 15.
Rc3 g6 16. Rh3 Bg7 17. Re1 Qc7 18. Nf1 Nc5 19. Re3 e5 20. Nf3 Bh6 21. Ng3 Bxe3
22. Qxe3 Qe7 23. Qh6 Qf8 24. Qh4 Qg7 25. Bc1 h5 26. Qg5 b5 27. Qd2 bxc4 28.
bxc4 Rc6 29. Qb4 Bc8 30. Bg5 Bg4 31. Nh4 Nh7 32. Be3 Qf6 33. Nf3 h4 34. Nf1
Bxf3 35. gxf3 Qxf3 36. Nd2 Qf6 37. Kf1 Ng5 38. Ke2 Nce6 39. Qb7 Rec8 40. Rg1
Nh3 41. Rg4 Nhf4+ 42. Kd1 Nc5 43. Qa7 Qd8 0-1

[Event "España tch - Primera División Grupo 1"]
[Site "Burguillos ESP"]
[Date "2008.08.16"]
[Round "5.82"]
[White "Plaza Pardo, Daniel"]
[Black "Cruz Ravina, Francisco Javier"]
[Result "0-1"]
[PlyCount "92"]
[EventDate "2008.08.13"]
[EventType "team"]
[EventCountry "ESP"]
[Source "lmi"]
[SourceDate "2008.08.13"]
[WhiteElo "2207"]
[BlackElo "2337"]

1. d4 Nf6 2. c4 d6 3. Nc3 e5 4. Nf3 Nbd7 5. Bg5 Be7 6. e3 O-O 7. Qc2 Ne8 8. h4
exd4 9. exd4 Nef6 10. O-O-O Re8 11. Bd3 Nf8 12. Rde1 c6 13. Ne4 Nxe4 14. Bxe4
Be6 15. Bxe7 Rxe7 16. Ng5 h6 17. Bh7+ Kh8 18. Bd3 Qa5 19. Kb1 Rae8 20. Re3 d5
21. c5 Qb4 22. Nf3 Bd7 23. a3 Qa5 24. Qe2 Rxe3 25. fxe3 Bg4 26. Qf2 Bxf3 27.
gxf3 Qc7 28. Rg1 Qe7 29. Qg3 Qf6 30. f4 Ng6 31. h5 Nf8 32. Bc2 b6 33. cxb6 axb6
34. Ka1 c5 35. Rd1 c4 36. Rg1 b5 37. Kb1 Re7 38. Rg2 Rb7 39. Qf3 Qd6 40. Qg4 f6
41. Qf5 b4 42. axb4 Qxb4 43. Bd1 Qe1 44. Kc2 Qxe3 45. Qxd5 Qd3+ 46. Kc1 Ra7 0-1

[Event "España tch - Primera División Grupo 1"]
[Site "Burguillos ESP"]
[Date "2008.08.16"]
[Round "5.83"]
[White "Ocaña Roca, Juan Jesus"]
[Black "Monmeneu Chulia, Victor"]
[Result "1/2-1/2"]
[PlyCount "130"]
[EventDate "2008.08.13"]
[EventType "team"]
[EventCountry "ESP"]
[Source "lmi"]
[SourceDate "2008.08.13"]
[WhiteElo "2157"]
[BlackElo "2185"]

1. e4 e5 2. Nc3 Nf6 3. Bc4 Bc5 4. d3 d6 5. Na4 Nbd7 6. Nxc5 Nxc5 7. f4 exf4 8.
Bxf4 d5 9. exd5 Nxd5 10. Qe2+ Ne6 11. Bg3 O-O 12. Bxd5 Qxd5 13. Nf3 Nd4 14.
Nxd4 Qxd4 15. c3 Qb6 16. Bf2 Qg6 17. h3 Bf5 18. O-O-O Qxg2 19. Rdg1 Qd5 20. Bd4
f6 21. Rh2 c5 22. Be3 Bxd3 23. Qg2 Qxg2 24. Rhxg2 g6 25. Bxc5 Rfe8 26. Kd2 Bf5
27. Rf2 Kf7 28. h4 h5 29. Rf4 Bg4 30. Rg2 Re6 31. Bd4 a6 32. Rgf2 Bf5 33. Re2
Rae8 34. Rff2 Rxe2+ 35. Rxe2 Rxe2+ 36. Kxe2 g5 37. Be3 Kg6 38. Kf3 Bb1 39. a4
Kf5 40. Kg3 Bc2 41. a5 Bd1 42. Bd4 Ke6 43. b4 Be2 44. Be3 gxh4+ 45. Kxh4 Kd5
46. Bd4 f5 47. Kg3 Ke4 48. Bf6 f4+ 49. Kf2 Bc4 50. Be7 Kf5 51. Bc5 h4 52. Kg2
Kg4 53. Bg1 h3+ 54. Kf2 Kf5 55. Kf3 Bd5+ 56. Ke2 Ke4 57. Bh2 Be6 58. Kf2 Bg4
59. Bg1 Kd3 60. Bh2 Ke4 61. Bg1 Be6 62. Bh2 f3 63. Bc7 Bd5 64. Bd6 Kd3 65. Be5
Bc4 1/2-1/2